| 000 | 00518nam a2200157 a 4500 | ||
|---|---|---|---|
| 001 | 000031919 | ||
| 005 | 20200930063300.0 | ||
| 008 | 110707s1972 dr 000 0 spa d | ||
| 040 |
_aDO-SdBNP _bspa _cBNPHU |
||
| 111 | 1 |
_aforum nacional de antibióticos. _d1972 _cSanto Domingo _n1: 31 de agosto al 2 septiembre _958102 |
|
| 245 | 1 | 0 | _aResumenes. |
| 260 |
_aSanto Domingo : _bSociedad Dominicana de Pediatría, _c1972. |
||
| 300 |
_a51 p. ; _c22 cm. |
||
| 710 | 2 |
_aSociedad Dominicana de Pediatría _936054 |
|
| 049 | _aBNPD | ||
| 999 |
_c31410 _d31410 |
||